00750cam a22002297a 4500003000500000005001700005008004100022010001000063011001000073035001000083040000900093100003400102245006200136260013200198300000800330490003500338650002900373650002100402700003000423700003200453830003500485CHAP20220817042049.0971013s1982 r 00010 d a33475 a34447 a38563 cCHAP00aMayorquín López, Higinio.13aEl cultivo del maíz de temporal en el centro de Sinaloa aCuliacán, Sin. :bInstituto Nacional de Investigaciones Agrícolas. Campo Agrícola Experimental Valle de Culiacán,c1982 ac.2 0aFolleto para productoresv; 1014aAgricultura de temporal.14aMaízxSinaloa.0 aAlvarado Martinez, Jesus.0 aLeyva González, Raymundo.0 aFolleto para productoresv; 10